Abstracts of the Annual Conference of Doctoral School of Biology, University of Szeged - 2020

Elmentve itt :
Bibliográfiai részletek
Dokumentumtípus: Cikk
Megjelent: University of Szeged Szeged 2020
Sorozat:Acta biologica Szegediensis 64 No. 1
Kulcsszavak:Biológia - előadáskivonatok
Tárgyszavak:
doi:10.14232/abs.2020.1.73-90

Online Access:http://acta.bibl.u-szeged.hu/70949
LEADER 00782nab a2200205 i 4500
001 acta70949
005 20260224081030.0
008 201207s2020 hu o 000 hun d
022 |a 1588-385X 
024 7 |a 10.14232/abs.2020.1.73-90  |2 doi 
040 |a SZTE Egyetemi Kiadványok Repozitórium  |b hun 
041 |a hun 
245 0 0 |a Abstracts of the Annual Conference of Doctoral School of Biology, University of Szeged - 2020  |h [elektronikus dokumentum] 
260 |a University of Szeged  |b Szeged  |c 2020 
300 |a 73-90 
490 0 |a Acta biologica Szegediensis  |v 64 No. 1 
650 4 |a Természettudományok 
650 4 |a Biológiai tudományok 
695 |a Biológia - előadáskivonatok 
856 4 0 |u http://acta.bibl.u-szeged.hu/70949/1/biologica_064_numb_001_073-090.pdf  |z Dokumentum-elérés